Länder mit dem höchsten Energieverbrauch - Statistiken

Allgemein
  • Dieses Quiz wurde 67 mal gespielt
  • Das Durchschnittsergebnis liegt bei 18 aus 20
Antwortstatistiken
Energieverbrauch Land % Korrekt
43.791 TWh China
100%
3.512 TWh Deutschland
100%
25.825 TWh Vereinigte Staaten
98%
3.490 TWh Brasilien
97%
2.613 TWh Frankreich
97%
4.928 TWh Japan
97%
8.694 TWh Russland
97%
9.841 TWh Indien
95%
3.871 TWh Kanada
95%
1.886 TWh Mexiko
95%
1.553 TWh Spanien
94%
1.765 TWh Italien
90%
1.994 TWh Vereinigtes Königreich
89%
1.589 TWh Australien
87%
2.308 TWh Indonesien
83%
3.007 TWh Saudi-Arabien
81%
3.493 TWh Südkorea
79%
1.896 TWh Türkei
75%
3.386 TWh Iran
73%
1.419 TWh Thailand
60%
Keine übereinstimmenden Quizze gefunden
Verteilung der Resultate
Anzahl Personen mit jedem Resultat
Perzentil nach korrekt beantworteten Fragen
Ihre Resultats-Entwicklung
Sie haben dieses Quiz noch nicht gespielt